Ngôi nhà và gió bão /
Những hiểu biết cần thiết về bão, biện pháp tự phòng ngừa sự phá hoại của bão cho ngôi nhà, cải tạo, gia cố nâng cao khả năng chịu đựng trước gió bão của ngôi nhà. 10 nguyên tắc chủ đạo xây dựng nhà chống gió bão.
में बचाया:
| अन्य लेखक: | , , , , |
|---|---|
| स्वरूप: | पुस्तक |
| भाषा: | Vietnamese |
| प्रकाशित: |
Hà Nội :
Xây dựng,
1999.
|
| विषय: | |
| टैग : |
टैग जोड़ें
कोई टैग नहीं, इस रिकॉर्ड को टैग करने वाले पहले व्यक्ति बनें!
|
| Thư viện lưu trữ: | Mạng thư viện Đại học Đà Nẵng |
|---|
| LEADER | 01586cam a2200397 i 4500 | ||
|---|---|---|---|
| 001 | 000042510 | ||
| 003 | 384 | ||
| 005 | 20030922104609.0 | ||
| 008 | 010217b1999 vm 000 vie | ||
| 020 | |c 7500 | ||
| 040 | |a IRC |c IRC |d IRC | ||
| 041 | 0 | |a vie | |
| 082 | 1 | 4 | |a 690.0289 |b Ng-N |
| 245 | 0 | 0 | |a Ngôi nhà và gió bão / |c Trương Nguyên Mân chủ biên, Nguyễn Tấn Vạn, Đặng Hữu Thông, Hoàng Vĩnh Thắng, Vũ Hồng Thuý. |
| 260 | |a Hà Nội : |b Xây dựng, |c 1999. | ||
| 300 | |a 69tr. ; |c 19cm. | ||
| 520 | 3 | |a Những hiểu biết cần thiết về bão, biện pháp tự phòng ngừa sự phá hoại của bão cho ngôi nhà, cải tạo, gia cố nâng cao khả năng chịu đựng trước gió bão của ngôi nhà. 10 nguyên tắc chủ đạo xây dựng nhà chống gió bão. | |
| 630 | 0 | 4 | |a Xây dựng. |
| 650 | 0 | 4 | |a Ngôi nhà và gió bão |x Tiêu chuẩn xây dựng. |
| 700 | 1 | |a Nguyễn Tấn Vạn. | |
| 700 | 1 | |a Đặng Hữu Thông, |c PTS. | |
| 700 | 1 | |a Hoàng Vĩnh Thắng. | |
| 700 | 1 | |a Vũ Hồng Thuý. | |
| 700 | 1 | |a Trương Nguyên Mân. | |
| OWN | |a DUT | ||
| AVA | |a UDN50 |b LNN |d 895.922 Y-PH |e available |t Error 5001 Not defined in file expand_doc_bib_avail. |f 1 |g 0 |h N |i 0 | ||
| 999 | |a From the UDN01 | ||
| AVA | |a UDN50 |b LNN |d 895.922 Y-PH |e available |t Error 5001 Not defined in file expand_doc_bib_avail. |f 1 |g 0 |h N |i 0 | ||
| TYP | |a Monograph | ||
| TYP | |a Printed language | ||
| 980 | |a Mạng thư viện Đại học Đà Nẵng | ||